Central Library OPAC University of Rajshahi

Nonlinear methods in econometrics / (Record no. 2321)

MARC details
000 -LEADER
fixed length control field 00852nam a2200253 a 4500
001 - CONTROL NUMBER
control field 2321
003 - CONTROL NUMBER IDENTIFIER
rucl marc code BD-RjUL
005 - DATE AND TIME OF LATEST TRANSACTION
control field 20211208233526.0
008 - FIXED-LENGTH DATA ELEMENTS--GENERAL INFORMATION
fixed length control field 160616r19761972ne a b 001 0 eng d
020 ## - INTERNATIONAL STANDARD BOOK NUMBER
International Standard Book Number 0720431778 :
035 ## - SYSTEM CONTROL NUMBER
System control number (BD-RjUL)2348
040 ## - CATALOGING SOURCE
Original cataloging agency DLC
Transcribing agency DLC
Modifying agency DLC
-- (BD-RjUL)
Language of cataloging eng
041 ## - LANGUAGE CODE
Language code of text/sound track or separate title eng
082 00 - DEWEY DECIMAL CLASSIFICATION NUMBER
Classification number 330.015195
Author mark and year GON 1976
Edition number 23
100 1# - MAIN ENTRY--PERSONAL NAME
Personal name Goldfeld, Stephen M.
9 (RLIN) 7525
245 10 - TITLE STATEMENT
Title Nonlinear methods in econometrics /
Statement of responsibility, etc. Stephen M. Goldfeld , Richard E. Quandt. With a contribution by Dennis E. Smallwood.
260 ## - PUBLICATION, DISTRIBUTION, ETC. (IMPRINT)
Place of publication, distribution, etc. Amsterdam,
Name of publisher, distributor, etc. North-Holland Pub. Co.,
Date of publication, distribution, etc. 1972, [printing 1976]
300 ## - PHYSICAL DESCRIPTION
Pagination xi, 280 p. :
Illustrations ill ;
Size 23 cm.
500 ## - GENERAL NOTE
General note Include Index
650 #0 - SUBJECT ADDED ENTRY--TOPICAL TERM
Topical term or geographic name as entry element Econometrics.
9 (RLIN) 7526
700 1# - ADDED ENTRY--PERSONAL NAME
Personal name Quandt, Richard E.,
Relator term joint author.
942 ## - ADDED ENTRY ELEMENTS (KOHA)
Source of classification or shelving scheme Dewey Decimal Classification
Koha item type Books
Holdings
Lost status Source of classification or shelving scheme Damaged status Not for loan Collection code Permanent Location Current Location Shelving location Date acquired Source of acquisition Total Checkouts Full call number Date last seen Copy number Koha item type
  Dewey Decimal Classification     Non-fiction Central Library, University of Rajshahi Central Library, University of Rajshahi   04/04/1979 Netheland Gift   330.015195 GON 1976 11/12/2013 C10 Books
  Dewey Decimal Classification     Non-fiction Central Library, University of Rajshahi Central Library, University of Rajshahi   04/04/1979 Netheland Gift   330.015195 GON 1976 11/12/2013 C-8 Books
  Dewey Decimal Classification     Non-fiction Central Library, University of Rajshahi Central Library, University of Rajshahi   04/04/1979 Netherland.   330.015195 GON 1976 11/12/2013 C-9 Books
  Dewey Decimal Classification   Not For Loan Non-fiction Central Library, University of Rajshahi Central Library, University of Rajshahi Reading Room 10/11/1980 Netherland.   330.015195 GON 1976 11/12/2013 C-1 Books
  Dewey Decimal Classification     Non-fiction Central Library, University of Rajshahi Central Library, University of Rajshahi   04/04/1974 Netherland   330.015195 GON 1976 16/06/2016 C-2 Books
  Dewey Decimal Classification     Non-fiction Central Library, University of Rajshahi Central Library, University of Rajshahi   04/04/1974 Netherland   330.015195 GON 1976 16/06/2016 C-6 Books
  Dewey Decimal Classification     Non-fiction Central Library, University of Rajshahi Central Library, University of Rajshahi   04/04/1974 Netherland   330.015195 GON 1976 16/06/2016 C-5 Books
  Dewey Decimal Classification     Non-fiction Central Library, University of Rajshahi Central Library, University of Rajshahi   04/04/1974 Netherland   330.015195 GON 1976 16/06/2016 C-4 Books
  Dewey Decimal Classification     Non-fiction Central Library, University of Rajshahi Central Library, University of Rajshahi   04/04/1974 Netherland   330.015195 GON 1976 16/06/2016 C-3 Books
  Dewey Decimal Classification     Non-fiction Central Library, University of Rajshahi Central Library, University of Rajshahi   08/10/1980 Netherland   330.015195 GON 1976 17/12/2016 C-7 Books